| 000 | 00406nam a2200145Ia 4500 | ||
|---|---|---|---|
| 008 | 240729s9999 xx 000 0 und d | ||
| 022 | _a2705-327X | ||
| 245 | 4 | _aThe Proceedings of the Nigerian Academy of Science | |
| 260 | _aNigeria | ||
| 260 | _bNigerian Academy of Science | ||
| 650 | _aScience | ||
| 856 | _uhttps://doaj.org/toc/6d3242e336204d018f1afa135fb47a8c | ||
| 942 | _2ddc | ||
| 942 | _cDOAJEJ | ||
| 999 |
_c74883 _d74883 |
||
| 945 |
_a1 _bMadushi Gamage _c1 _dMadushi Gamage |
||